New Testament Books - Statistics

General Stats
  • This quiz has been taken 48 times
  • The average score is 21 of 27
Answer Stats
Answer % Correct
John
100%
Matthew
100%
Luke
97%
Mark
97%
Romans
94%
acts
91%
revelation
88%
1 Corinthians
84%
2 Corinthians
84%
Galatians
81%
Ephesians
78%
1 john
75%
1 peter
75%
2 john
75%
2 peter
75%
3 john
72%
hebrews
72%
jude
72%
1 thessalonians | thesalonians | thessalonians
69%
1 timothy
69%
2 timothy
69%
james
66%
philemon
66%
Colossians | Colosians
63%
Philippians | Philipians
63%
2 thessalonians
59%
titus
56%
No matching quizzes found
Score Distribution
Percent of People with Each Score
Percentile by Number Answered
Your Score History
You have not taken this quiz